Peace Is a Fire (Record no. 10040)

MARC details
000 -LEADER
fixed length control field 00666nam a2200253 a 4500
020 ## - INTERNATIONAL STANDARD BOOK NUMBER
ISBN 0904766
082 00 - DEWEY DECIMAL CLASSIFICATION NUMBER
Classification number 181.043
Author Cutter SAN
100 ## - MAIN ENTRY--AUTHOR NAME
Author name Sangharakshita,
245 ## - TITLE STATEMENT
Title Peace Is a Fire
260 ## - PUBLICATION, DISTRIBUTION, ETC. (IMPRINT)
Place of publication Birmingham
Name of publisher Windhrose Publication
Year of publication 1995
300 ## - PHYSICAL DESCRIPTION
Number of Pages 147p
500 ## - GENERAL NOTE
General note includes index and biblioraphy
505 2# - FORMATTED CONTENTS NOTE
Formatted contents note Notes, Sources, List of Illustration
650 ## - SUBJECT ADDED ENTRY--TOPICAL TERM
Topical Term Epistemology-Buddhist
650 ## - SUBJECT ADDED ENTRY--TOPICAL TERM
Topical Term Sangharakshita-Philosophy
942 ## - ADDED ENTRY ELEMENTS (KOHA)
Koha item type Books
700 1# -
-- Sangharakshita,
Holdings
Collection code Home library Current library Date acquired Cost, normal purchase price Full call number Accession Number Koha item type
  Henry Martyn Institute Library Henry Martyn Institute Library 03/16/2007 200.00 181.043 SAN 017441 Books
                   Copyright © 2026 | Henry Martyn Institute | Hyderabad | TS-500052 | INDIA | Implemented by hmi.edu.in
Hit-Count:

Powered by Koha